Building construction / (Record no. 64)
[ view plain ]
| 000 -LEADER | |
|---|---|
| fixed length control field | 00451cam a2200193ua 4500 |
| 020 ## - INTERNATIONAL STANDARD BOOK NUMBER | |
| ISBN | 9789380358482 |
| 082 ## - DEWEY DECIMAL CLASSIFICATION NUMBER | |
| Classification number | 690 |
| Item number | RAN/BU |
| 100 ## - MAIN ENTRY--AUTHOR NAME | |
| Personal name | Rangwala, S C. |
| 245 ## - TITLE STATEMENT | |
| Title | Building construction / |
| 250 ## - EDITION STATEMENT | |
| Edition statement | 14 / |
| 260 ## - PUBLICATION, DISTRIBUTION, ETC. (IMPRINT) | |
| Place of publication | India : |
| Name of publisher | Charotar publishing house , |
| Year of publication | 1993. |
| 300 ## - PHYSICAL DESCRIPTION | |
| Number of Pages | 775 ; . |
| 650 ## - SUBJECT ADDED ENTRY--TOPICAL TERM | |
| Topical Term | Building Construction |
| 700 1# - ADDED ENTRY--PERSONAL NAME | |
| Personal name | Rangwala, P.S . |
| 700 1# - ADDED ENTRY--PERSONAL NAME | |
| Personal name | Rangwla, K.S . |
| 942 ## - ADDED ENTRY ELEMENTS (KOHA) | |
| Koha item type | Books |
| 003 - CONTROL NUMBER IDENTIFIER | |
| control field | @ |
| 003 - CONTROL NUMBER IDENTIFIER | |
| control field | OSt |
| Withdrawn status | Lost status | Damaged status | Home library | Current library | Date acquired | Full call number | Accession Number | Koha item type | Collection code | Shelving location | Source of acquisition | Cost, normal purchase price |
|---|---|---|---|---|---|---|---|---|---|---|---|---|
| Damaged | KAUAET | 07/04/2012 | 690 | 19852 | Books | |||||||
| KAUAET | KAUAET | 07/04/2012 | 690 | 18708 | Books | |||||||
| KAUAET | KAUAET | 07/04/2012 | 690 | 18457 | Books | |||||||
| KAUAET | KAUAET | 07/04/2012 | 690 | 21494 | Books | General Stacks | ||||||
| KAUAET | KAUAET | 07/04/2012 | 690 | 21495 | Books | |||||||
| KAUAET | KAUAET | 07/04/2012 | 690 | 21496 | Books | |||||||
| KAUAET | KAUAET | 07/04/2012 | 690 | 21497 | Books | |||||||
| KAUAET | KAUAET | 07/04/2012 | 690 | 21366 | Books | |||||||
| KAUAET | KAUAET | 07/04/2012 | 690 | 21368 | Books | |||||||
| KAUAET | KAUAET | 07/04/2012 | 690 | 21365 | Books | |||||||
| KAUAET | KAUAET | 07/04/2012 | 690 | 21367 | Books | |||||||
| KAUAET | KAUAET | 30/03/2013 | 690 RAN/BU | 24007 | Books | Non-fiction | General Stacks | Aman Book Stall, Calicut | 210.00 | |||
| KAUAET | KAUAET | 30/03/2013 | 690 RAN/BU | 24008 | Books | Non-fiction | General Stacks | Aman Book Stall, Calicut | 210.00 | |||
| KAUAET | KAUAET | 30/03/2013 | 690 RAN/BU | 24009 | Books | Non-fiction | General Stacks | Aman Book Stall, Calicut | 210.00 | |||
| KAUAET | KAUAET | 30/03/2013 | 690 RAN/BU | 24010 | Books | Non-fiction | General Stacks | Aman Book Stall, Calicut | 210.00 |
